000 00607nam a2200205Ii 4500
001 6516
003 CO-ViMGA
008 241108s9999||||xx |||||||||||||| ||und||
040 _aCO-ViMGA
_bspa
_erda
_cCO-ViMGA
041 0 _aunk
082 0 4 _a863.42-G216h
100 1 _aGabriel García Márquez
245 1 0 _aLos funerales de mamá grande
264 1 _a[Lugar de publicación no identificado] : Sudamericana, 1962
300 _avolumen
336 _atext
_btxt
_2rdacontent
337 _aunmediated
_bn
_2rdamedia
338 _avolume
_bnc
_2rdacarrier
940 _aidficha_siabuc: 6367. -- ficha_no_siabuc:6516
999 _c51797
_d51797